Metrication and the land (Record no. 88569)

MARC details
000 -LEADER
fixed length control field 00477cam a2200193 4500
001 - CONTROL NUMBER
control field D15685
008 - FIXED-LENGTH DATA ELEMENTS--GENERAL INFORMATION
fixed length control field 090401t1969 xxu||||| |||| 00| 0 eng d
035 ## - SYSTEM CONTROL NUMBER
System control number (Sirsi) u24577
041 ## - LANGUAGE CODE
Language code of text/sound track or separate title eng
050 ## - LIBRARY OF CONGRESS CALL NUMBER
Classification number RICS 1969/11ABD
110 ## - MAIN ENTRY--CORPORATE NAME
Corporate name or jurisdiction name as entry element The Chartered Auctioneers & Estate Agents Institute
9 (RLIN) 1179
245 ## - TITLE STATEMENT
Title Metrication and the land
260 ## - PUBLICATION, DISTRIBUTION, ETC.
Name of publisher, distributor, etc. CAEAI
Date of publication, distribution, etc. 1969
300 ## - PHYSICAL DESCRIPTION
Extent 10p
350 ## - PRICE (NR) (BK AM CF MU VM SE) [OBSOLETE]
Price 0
520 ## - SUMMARY, ETC.
Summary, etc. Filed in box 1969/11 ABD
942 ## - ADDED ENTRY ELEMENTS (KOHA)
Suppress in OPAC 0
948 ## - LOCAL PROCESSING INFORMATION (OCLC); SERIES PART DESIGNATOR (RLIN)
c (OCLC) 04/03/1997
Holdings
Withdrawn status Lost status Source of classification or shelving scheme Damaged status Not for loan Home library Current library Shelving location Date acquired Total Checkouts Full call number Barcode Date last seen Copy number Price effective from Koha item type
    Other/Generic Classification Scheme     London London RICS Boxes 19/08/1991   RICS 1969/11 30005862 06/08/2019 1 06/08/2019 Book
    Other/Generic Classification Scheme     London London RICS Boxes 14/09/1999   RICS 1969/11 30005870 06/08/2019 2 06/08/2019 Reference material
    Other/Generic Classification Scheme     London London RICS Boxes 22/08/1991   RICS 1969/11 30028123 06/08/2019 3 06/08/2019 Reference material